Touhou Embodiment of Scarlet Devil - Random Spell Cards - Statistics

General Stats
  • This quiz has been taken 7 times
  • The average score is 9 of 20
Answer Stats
Picture Answer % Correct
Colorful Sign "Dazzling Color Typhoon"
100%
Earth Sign "Lazy Trilithon"
100%
Fire Sign "Agni Radiance"
100%
Fire Sign "Agni Shine"
100%
Forbidden Barrage "Clock that Ticks Away the Past"
100%
Forbidden Barrage "Starbow Break"
100%
Freeze Sign "Perfect Freeze"
100%
Hell Sign "Mountain of a Thousand Needles"
100%
Illusion Phantom "Jack the Ludo Bile"
100%
Sun Sign "Royal Flare"
100%
Taboo "Lævateinn"
100%
Wood & Fire Sign "Forest Blaze"
100%
Colorful Sign "Colorful Rain"
67%
Flower Sign "Gorgeous Sweet Flower"
67%
Illusion Sign "Imaginary Flower Yumekazura"
67%
Metal & Water Sign "Mercury Poison"
67%
Conjuring "Eternal Meek"
50%
Conjuring "Misdirection"
50%
God's Punishment "Young Demon Lord"
50%
Illusion Image "Luna Clock"
50%
Metal Sign "Metal Fatigue"
50%
Moon Sign "Silent Selene"
50%
Nether Sign "Scarlet Netherworld"
50%
Rainbow Sign "Colorful Rainbow Wind Chime"
50%
"Scarlet Gensokyo"
50%
Scarlet Sign "Scarlet Meister"
50%
Scarlet Sign "Scarlet Shoot"
50%
Taboo "Four of a Kind"
50%
Water Sign "Princess Undine"
50%
Fire & Earth Sign "Lava Cromlech"
33%
Ice Sign "Icicle Fall"
33%
Maid Secret Skill "Manipulating Doll"
33%
Taboo "Cranberry Trap"
33%
Colorful Sign "Vivid Chaotic Dance"
25%
Taboo "Kagome, Kagome"
25%
Conjuring "Mesmerizing Misdirection"
0%
Curse "Curse of Vlad Tepes"
0%
Darkness Sign "Demarcation"
0%
Divine Art "Vampire Illusion"
0%
Earth & Metal Sign "Emerald Megalith"
0%
Earth Sign "Trilithon Shake"
0%
Fire Water Wood Metal Earth Sign "Philosopher's Stone"
0%
Flower Sign "Selaginella 9"
0%
Forbidden Barrage "Catadioptric"
0%
Hail Sign "Hailstorm"
0%
Heaven's Punishment "Star of David"
0%
Illusion Existence "Clock Corpse"
0%
Illusion World "The World"
0%
Maid Secret Skill "Killing Doll"
0%
Metal Sign "Silver Dragon"
0%
Moon Sign "Moonlight Ray"
0%
Night Sign "Night Bird"
0%
Q.E.D. "Ripples of 495 Years"
0%
"Red Magic"
0%
Secret Barrage "And Then There Will Be None?"
0%
Snow Sign "Diamond Blizzard"
0%
Taboo "Maze of Love"
0%
Water Sign "Bury in Lake"
0%
Water & Wood Sign "Water Elf"
0%
Wood Sign "Green Storm"
0%
Wood Sign "Sylphy Horn"
0%
No matching quizzes found
Score Distribution
Percent of People with Each Score
Percentile by Number Answered
Your Score History
You have not taken this quiz